| 000 | 00993nam a2200253Ia 4500 | ||
|---|---|---|---|
| 999 |
_c53526 _d53526 |
||
| 001 | 20572 | ||
| 003 | GE_BSU | ||
| 005 | 20210222174015.0 | ||
| 008 | 181216s2014||||ge |||||||||||||| ||geo|| | ||
| 020 | _a9992876123 | ||
| 040 | _cGE_BSU | ||
| 041 | _ageo | ||
| 080 | _a616-092(075.8) ყ-56 | ||
| 100 |
_aყიფიანი, ვახტანგ _97955 |
||
| 245 |
_aზოგადი პათოფიზიოლოგია : _bნ.1 / _cვახტანგ ყიფიანი ; სამეცნ. რედ. ირინე კვაჭაძე |
||
| 250 | _aმე-2 შევსებ. გადამუშ. გამოც. | ||
| 264 |
_aთბილისი : _bთამარიონი 2002, _c2014. |
||
| 300 |
_a317გვ. ; _c30 სმ. |
||
| 541 | _h30 ლ. | ||
| 653 | _aზოგადი პათოფიზიოლოგია | ||
| 653 | _aმედიცინა | ||
| 653 | _aსახელმძღვანელო | ||
| 942 |
_cBK _2udc |
||